1000 facts about space / (Record no. 5728)

MARC details
000 -LEADER
fixed length control field 01012nam a22003137a 4500
001 - CONTROL NUMBER
control field 5728
003 - CONTROL NUMBER IDENTIFIER
control field FISKH
005 - DATE AND TIME OF LATEST TRANSACTION
control field 20250116162952.0
008 - FIXED-LENGTH DATA ELEMENTS--GENERAL INFORMATION
fixed length control field 250116b cb ||||| |||| 00| 0 eng d
020 ## - INTERNATIONAL STANDARD BOOK NUMBER
International Standard Book Number 9781856978118
040 ## - CATALOGING SOURCE
Original cataloging agency FISKH
Language of cataloging eng
Transcribing agency FISKH
Modifying agency FISKH
050 ## - LIBRARY OF CONGRESS CALL NUMBER
Classification number QB500.B43
082 ## - DEWEY DECIMAL CLASSIFICATION NUMBER
Classification number 520
100 ## - MAIN ENTRY--PERSONAL NAME
Personal name Beasant, Pam
245 ## - TITLE STATEMENT
Title 1000 facts about space /
Statement of responsibility, etc. by Pam Beasant
250 ## - EDITION STATEMENT
Edition statement First American editon 1992
260 ## - PUBLICATION, DISTRIBUTION, ETC.
Place of publication, distribution, etc. New York :
Name of publisher, distributor, etc. Kingfisher Books ;
Date of publication, distribution, etc. 1992.
300 ## - PHYSICAL DESCRIPTION
Extent 47 pages :
Other physical details color illustrations ;
Dimensions 29 cm .
490 ## - SERIES STATEMENT
Series statement 1000 Facts About
505 ## - FORMATTED CONTENTS NOTE
Formatted contents note X <br/>
520 ## - SUMMARY, ETC.
Summary, etc. Text and illustrations present information about such space-related topics as gallaxies, stars, the planets, moon landings, and modern astronomy.
521 8# - TARGET AUDIENCE NOTE
Target audience note 870 <br/>
Source Lexile IG <br/>
521 8# - TARGET AUDIENCE NOTE
Target audience note X <br/>
Source Raz-Plus <br/>
650 ## - SUBJECT ADDED ENTRY--TOPICAL TERM
Topical term or geographic name entry element Outer space
Form subdivision Juvenile literature
650 ## - SUBJECT ADDED ENTRY--TOPICAL TERM
Topical term or geographic name entry element Astromnomy
Form subdivision Juvenile literature
700 ## - ADDED ENTRY--PERSONAL NAME
Personal name Bull, Peter
Relator term illustrator
942 ## - ADDED ENTRY ELEMENTS (KOHA)
Source of classification or shelving scheme Dewey Decimal Classification
Koha item type Books
Suppress in OPAC No
Holdings
Withdrawn status Lost status Source of classification or shelving scheme Damaged status Not for loan Collection Home library Current library Shelving location Date acquired Total Checkouts Full call number Barcode Date last seen Price effective from Koha item type
    Dewey Decimal Classification     Non-Fiction Footprints International School Library Network Toul Kork Campus Footprints International School Library Network Toul Kork Campus TTP Secondary Non-Fiction Bookshelves 01/16/2025   BEA 520 QB500.B43 FIS01372 01/16/2025 01/16/2025 Books